000
00310 a2200121 4500
000
nam a22 7a 4500
005
20260312151657.0
100
_a
Stoock, Deniel W
_9
1131879
245
_a
Probability theory: An analytic view
250
_a
3rd
260
_b
Cambridge University Press
_c
2025
942
_c
AUD
999
_c
1715259
_d
1715259